| 000 | 00768nam a2200265Ia 4500 | ||
|---|---|---|---|
| 003 | OSt | ||
| 005 | 20220918193213.0 | ||
| 006 | a|||||r|||| 00| 0 | ||
| 007 | ta | ||
| 008 | 220917b |||||||| |||| 00| 0 eng d | ||
| 024 | _a72,264 | ||
| 037 | _cTextual | ||
| 040 |
_aARTS _cARTS _beng |
||
| 041 |
_2eng _aeng |
||
| 082 | _aR43xC67:g, M2 | ||
| 100 |
_aAristotle _952557 |
||
| 245 | 0 | _aAristotle's Eudemian ethics, books I, II, and VIII tr with a contemporary by Michael Woods | |
| 260 |
_aOxford _bClarendon Press _c1982 |
||
| 300 |
_axii,234p. _ccm. |
||
| 490 | _aClarendon aristotle series | ||
| 500 | _aBib 223-26p; Glossary 227-30p | ||
| 650 | _aETHICS | ||
| 942 |
_hR43xC67:g, M2 _cTEXL _2CC |
||
| 999 |
_c198268 _d198268 |
||